[Event "Michigan Amateur"]
[Site "Kalamazoo, MI"]
[Date "2001.07.29"]
[Round "4.11"]
[White "Biondo, Anthony"]
[Black "Scioly, Tony"]
[Result "1-0"]
[WhiteElo "1672"]
[BlackElo "1533"]
[Annotator "Don Vandivier"]
[PlyCount "63"]
[EventDate "2001.07.28"]

{Sicilian: Closed} 1. e4 c5 2. Nc3 Nc6 3. g3 g6 4. Bg2 Bg7 5. Nge2 e5 6. d3 d6
7. O-O Nf6 8. Bg5 h6 9. Be3 O-O 10. Qc1 Kh7 11. f4 Ng4 12. Bd2 f5 13. fxe5
Ncxe5 14. Rb1 $6 (14. exf5 Rxf5 15. Rxf5 Bxf5 16. Bxb7 {winning a pawn} Rb8 17.
Bg2 Qb6 18. h3 Nf6 19. Rb1 {is clearly better for White.}) 14... Rb8 15. Nf4
Nf6 16. b4 b6 17. Qa3 fxe4 18. Nxe4 Nxe4 19. Bxe4 Bf5 20. Bd5 Ng4 $2 {Black
gives up the a-pawn for nothing.} 21. Qxa7 Kh8 22. Rbe1 Re8 23. Bf7 Rxe1 24.
Rxe1 Ra8 25. Qb7 Rb8 26. Qd5 Bd4+ 27. Kg2 Qf6 28. Be6 Be5 29. Rf1 Bc3 $4 {The
Black Queen is overloaded with responsibility.} 30. Nxg6+ Kh7 31. Bxf5 Bxd2 32.
Bxg4 1-0

[Event "Michigan Amateur"]
[Site "Kalamazoo, MI"]
[Date "2001.07.29"]
[Round "4.19"]
[White "Biondo, Albert"]
[Black "Betke, Brian"]
[Result "1-0"]
[WhiteElo "1325"]
[BlackElo "1145"]
[PlyCount "65"]
[EventDate "2001.07.28"]

1. e4 e5 2. Nf3 Nf6 3. Nc3 Nc6 4. Bc4 Bc5 5. d3 O-O 6. Bg5 Be7 7. Qd2 d6 8.
O-O-O Bg4 9. h3 Bxf3 10. gxf3 Nd4 11. Qe3 Nd5 12. Bxe7 Nxe3 13. Bxd8 Nxd1 14.
Bxc7 Nxc3 15. bxc3 Nxf3 16. Bxd6 Rfc8 17. Kb2 a6 18. Bd5 Rd8 19. Bc5 Rac8 20.
Be3 b6 21. Bb7 a5 22. Bxc8 Rxc8 23. c4 Rb8 24. Kc3 f6 25. Rb1 b5 26. Rxb5 Ra8
27. a4 Nd4 28. Bxd4 exd4+ 29. Kxd4 g6 30. Rb7 h5 31. c5 g5 32. c6 Ra6 33. c7
1-0

[Event "Michigan Amateur"]
[Site "Kalamazoo, MI"]
[Date "2001.07.29"]
[Round "4.8"]
[White "Aldrich, Justin"]
[Black "Hobbs, Raymond"]
[Result "0-1"]
[WhiteElo "1554"]
[BlackElo "1903"]
[PlyCount "92"]
[EventDate "2001.07.28"]

1. e4 e6 2. d4 d5 3. exd5 exd5 4. Nf3 Bd6 5. c3 Bg4 6. Be2 c6 7. O-O Ne7 8. Re1
Qc7 9. h3 Bh5 10. Ne5 Bg6 11. Bh5 Nd7 12. f4 Nf6 13. Bxg6 hxg6 14. Nd2 Nh5 15.
Ndf3 Ng3 16. Ng5 Bxe5 17. fxe5 Nef5 18. Qf3 Qe7 19. e6 f6 20. Nf7 Rh7 21. Bf4
Ne4 22. Qg4 Nh4 23. Bg3 f5 24. Bxh4 fxg4 25. Bxe7 Kxe7 26. Kh2 g3+ 27. Kg1 g5
28. Re3 g4 29. hxg4 Nf2 30. Rxg3 Rh1+ 31. Kxf2 Rxa1 32. Re3 Rxa2 33. Re2 Rf8
34. g5 Rxf7+ 35. exf7+ Kxf7 36. Kf3 a5 37. g4 a4 38. Rf2 Kg6 39. Re2 Kxg5 40.
Rg2 a3 41. bxa3 Rxg2 42. Kxg2 Kxg4 43. a4 b6 44. Kf2 Kf4 45. Kg2 Ke3 46. Kg3
Kd3 0-1

[Event "Michigan Amateur"]
[Site "Kalamazoo, MI"]
[Date "2001.07.29"]
[Round "5.8"]
[White "Aldrich, Jeff"]
[Black "Councell, Keith"]
[Result "1-0"]
[WhiteElo "1917"]
[BlackElo "1345"]
[PlyCount "61"]
[EventDate "2001.07.28"]

1. d4 c6 2. c4 d5 3. Nf3 Bf5 4. Nc3 e6 5. Bf4 Nf6 6. e3 Nbd7 7. Nh4 Bg6 8. Nxg6
hxg6 9. cxd5 Nxd5 10. Bg3 Be7 11. e4 N5f6 12. Bc4 Nb6 13. Bb3 Bb4 14. f3 Nh5
15. Bf2 Nf4 16. g3 Nh3 17. Be3 Qf6 18. Qe2 Rd8 19. O-O-O Ng5 20. f4 Bxc3 21.
fxg5 Qe7 22. bxc3 a5 23. d5 Nd7 24. dxe6 fxe6 25. Qg4 Qa3+ 26. Kb1 Nc5 27. Bxc5
Qxc5 28. Qxe6+ Qe7 29. Rxd8+ Kxd8 30. Rd1+ Ke8 31. Qc8+ 1-0

[Event "Michigan Open Reserve"]
[Site "Lansing, MI"]
[Date "2001.08.31"]
[Round "1.4"]
[White "West, Tony"]
[Black "Holden, Anthony"]
[Result "1-0"]
[WhiteElo "1734"]
[BlackElo "1503"]
[PlyCount "120"]
[EventDate "2001.08.31"]

1. e4 c5 2. c3 e5 3. Nf3 Nc6 4. d4 cxd4 5. cxd4 exd4 6. Nxd4 Qh4 7. Nc3 Bb4 8.
Ndb5 Qxe4+ 9. Be3 Qe5 10. a3 Bxc3+ 11. bxc3 d5 12. Qxd5 Qxd5 13. Nc7+ Kd8 14.
Nxd5 Be6 15. Rd1 Kc8 16. Be2 Bxd5 17. Rxd5 Nf6 18. Rg5 g6 19. Bf3 h6 20. Rc5
Nd7 21. Rd5 Nde5 22. Be2 Kc7 23. O-O Rad8 24. Rfd1 g5 25. f4 gxf4 26. Bxf4 f6
27. Rxd8 Rxd8 28. Rxd8 Kxd8 29. Bxh6 Ke7 30. Kf2 Ke6 31. Be3 b6 32. c4 f5 33.
h3 Ne7 34. c5 f4 35. Bd4 bxc5 36. Bxc5 N7c6 37. Bb5 Kd5 38. Bf8 Nd4 39. Ba6 Ne6
40. Bb4 Nc5 41. Bxc5 Kxc5 42. h4 Kd4 43. h5 Ke4 44. Bb7+ Kf5 45. Bf3 a5 46. Be2
Nf7 47. Ke1 Ke4 48. Kd2 Kd4 49. Kc2 Nh6 50. Kb3 Kc5 51. Kc3 Kd5 52. Kd3 Nf5 53.
Bf3+ Ke5 54. Kc4 Nd6+ 55. Kc5 Nf5 56. Kb5 Nd4+ 57. Kxa5 Nxf3 58. gxf3 Kf5 59.
Kb5 Kg5 60. h6 Kxh6 1-0

[Event "Michigan Open Booster"]
[Site "Lansing, MI"]
[Date "2001.08.31"]
[Round "1.1"]
[White "Welch, Eric"]
[Black "Goetz, Robert"]
[Result "0-1"]
[WhiteElo "1079"]
[BlackElo "1369"]
[PlyCount "92"]
[EventDate "2001.08.31"]

1. e4 e5 2. Nf3 Nc6 3. Bc4 Bc5 4. O-O Nf6 5. d3 h6 6. c3 d6 7. Qe2 Bg4 8. Bd2
O-O 9. b4 Bb6 10. Be3 Qe7 11. Qd1 Rad8 12. d4 exd4 13. Bxd4 Nxd4 14. cxd4 Qxe4
15. Qb3 Bxf3 16. Nd2 Qf4 17. Nxf3 Bxd4 18. Rad1 Bb6 19. Rfe1 Qf5 20. Re2 Qd7
21. Bd5 c6 22. Bc4 d5 23. Bd3 Rfe8 24. Qc2 Rxe2 25. Qxe2 Ng4 26. Ne5 Nxe5 27.
Qxe5 Qg4 28. Re1 Qxb4 29. Re2 Kf8 30. Qf5 Re8 31. Rc2 Re1+ 32. Bf1 Qe7 33. Qc8+
Qd8 34. Qxd8+ Bxd8 35. Re2 Rd1 36. f4 Bb6+ 37. Rf2 Ke7 38. g4 Kd6 39. Kg2 Bxf2
40. Kxf2 Rd2+ 41. Ke3 Rxa2 42. f5 Rxh2 43. Kf4 f6 44. Bd3 a5 45. Bf1 Rf2+ 46.
Ke3 Rxf1 0-1

[Event "Michigan Open"]
[Site "Lansing, MI"]
[Date "2001.08.31"]
[Round "1.1"]
[White "Ward, Tom"]
[Black "Skidmore, Jennifer"]
[Result "1-0"]
[WhiteElo "2210"]
[BlackElo "1906"]
[Annotator "Jeff Aldrich"]
[PlyCount "73"]
[EventDate "2001.08.31"]

{Bishop's Opening} 1. e4 e5 2. Bc4 d6 3. d3 Be7 4. f4 {Instituting sort of a
delay King's Gambit.} Nf6 (4... Nc6 {might be a little more correct, since the
e5-square is key.}) 5. Nf3 exf4 6. Bxf4 c6 7. Bb3 Nbd7 8. c3 Nc5 9. Bc2 Qb6 10.
b4 Ne6 11. Bd2 $6 {This bishop seems to be in the way. White's push of the
b-pawn has just weakened his position. Black has a small advantage here.} Ng4 (
11... a5 $1 {striking at the weak pawns} 12. bxa5 $140 Qb2 {wins atleast a
piece.}) 12. Qe2 h6 13. Na3 d5 {Black has to deny the knight the c4-square.}
14. exd5 cxd5 15. Ba4+ Bd7 16. Bxd7+ Kxd7 17. h3 Nf4 $2 {DIAGRAM} 18. Ne5+ $2 (
{Both are looking at the threats down the e-file, but white ends up with three
pieces for the queen after} 18. Bxf4 Bxb4 19. cxb4 Rae8 20. Be5 Nxe5 21. Nxe5+
Rxe5 22. Qxe5 Re8 23. Qxe8+ Kxe8) 18... Nxe5 19. Bxf4 Bxb4 20. Bxe5 Bxc3+ $2 ({
Simply} 20... Bxa3 {and black is up a pawn. With the text, white stays up a
pieces and takes advantage of the black king in the center.}) 21. Bxc3 Rhe8 22.
Be5 Qb4+ 23. Kf2 Qxa3 24. Qg4+ Re6 25. Rhc1 Rc8 26. Rxc8 Kxc8 27. Qxg7 Qc5+ 28.
Bd4 Qe7 29. Rc1+ Kd7 30. Qg4 Qa3 31. Qf4 Qxa2+ 32. Kg1 Qa5 33. Qxf7+ Re7 34.
Qf5+ Re6 35. Be5 Qb6+ 36. d4 a5 37. Qf7+ 1-0

[Event "Michigan Open Reserve"]
[Site "Lansing, MI"]
[Date "2001.08.31"]
[Round "1.11"]
[White "Vorhauer, Sam"]
[Black "Griffin, John"]
[Result "0-1"]
[WhiteElo "1392"]
[BlackElo "1561"]
[PlyCount "132"]
[EventDate "2001.08.31"]

1. d4 d5 2. e3 Nc6 3. Nf3 Bg4 4. c3 Nf6 5. Bd3 e5 6. dxe5 Nxe5 7. Be2 Nxf3+ 8.
Bxf3 Bxf3 9. Qxf3 Bd6 10. O-O Ne4 11. Nd2 Qh4 12. g3 Qe7 13. Nxe4 Qxe4 14.
Qxe4+ dxe4 15. b3 O-O-O 16. Rd1 c6 17. Bb2 Be5 18. Kf1 f5 19. Ke2 g5 20. Rab1
Rhg8 21. Rbc1 h5 22. Ba1 c5 23. c4 Bh8 24. Rxd8+ Rxd8 25. Bxh8 Rxh8 26. Rd1 Rd8
27. Rxd8+ Kxd8 28. f4 exf3+ 29. Kxf3 Kd7 30. e4 Ke6 31. h3 Ke5 32. exf5 Kxf5
33. g4+ hxg4+ 34. hxg4+ Ke5 35. Ke3 a6 36. a3 b5 37. cxb5 axb5 38. a4 c4 39. a5
cxb3 40. Kd3 Kd5 41. Kc3 b2 42. Kxb2 Kc6 43. Kb3 Kc5 44. Ka3 b4+ 45. Ka4 Kc4
46. a6 b3 47. a7 b2 48. a8=Q b1=Q 49. Qc8+ Kd4 50. Qd7+ Kc5 51. Qe7+ Kc4 52.
Qe6+ Kc5 53. Qe3+ Kc4 54. Qe6+ Kc3 55. Qc6+ Kd4 56. Qd6+ Kc3 57. Qe5+ Kc4 58.
Qe6+ Kd4 59. Qd6+ Ke3 60. Qg3+ Ke4 61. Qg2+ Ke5 62. Qg3+ Kd5 63. Qa3 Qe4+ 64.
Ka5 Qxg4 65. Qd3+ Ke5 66. Qe3+ Kf5 0-1

[Event "Michigan Open Booster"]
[Site "Lansing, MI"]
[Date "2001.08.31"]
[Round "1.6"]
[White "Vasos, John"]
[Black "Willett, Lindsay"]
[Result "1-0"]
[WhiteElo "1160"]
[BlackElo "834"]
[PlyCount "91"]
[EventDate "2001.08.31"]

1. Nf3 Nc6 2. d4 d5 3. Bf4 Nf6 4. e3 a6 5. Nc3 Bg4 6. h3 Bxf3 7. Qxf3 e6 8. a3
Bd6 9. Bd3 e5 10. dxe5 Bxe5 11. Bg5 d4 12. Ne4 h6 13. Bh4 g5 14. Bg3 Bxg3 15.
Nxf6+ Kf8 16. Nh7+ Kg7 17. fxg3 dxe3 18. O-O Qe7 19. Qf6+ Qxf6 20. Nxf6 Ne5 21.
Nh5+ Kg8 22. Rae1 Nxd3 23. cxd3 Re8 24. Nf6+ Kg7 25. Nxe8+ Rxe8 26. Re2 Re7 27.
Rf3 c6 28. Rfxe3 Rxe3 29. Rxe3 b5 30. b4 f5 31. Re6 Kf7 32. Rxh6 g4 33. Rxc6
gxh3 34. gxh3 Ke7 35. Rxa6 Kd7 36. Kf2 Kc7 37. Ke3 Kb7 38. Rf6 f4+ 39. Kxf4 Ka7
40. h4 Kb7 41. h5 Kb8 42. h6 Kb7 43. h7 Ka7 44. h8=Q Kb7 45. Qg7+ Kb8 46. Rf8#
1-0

[Event "Michigan Open"]
[Site "Lansing, MI"]
[Date "2001.08.31"]
[Round "1.10"]
[White "Thurman, John"]
[Black "LaForge, Tom"]
[Result "0-1"]
[WhiteElo "1601"]
[BlackElo "1944"]
[PlyCount "80"]
[EventDate "2001.08.31"]

1. c4 e6 2. Nc3 f5 3. g3 Nf6 4. d4 d5 5. Bg5 Be7 6. Bg2 c6 7. cxd5 exd5 8. Nf3
O-O 9. O-O Nbd7 10. Qb3 h6 11. Bxf6 Nxf6 12. Ne5 Ne4 13. Nxe4 fxe4 14. Bxe4 Bf6
15. f4 Qb6 16. Qxb6 axb6 17. Bg2 Bf5 18. a3 Ra4 19. e3 Rfa8 20. Rac1 b5 21.
Rfd1 b4 22. axb4 Rxb4 23. Ra1 Rxa1 24. Rxa1 Rxb2 25. Ra8+ Kh7 26. Bf1 Rb1 27.
Kf2 Rb2+ 28. Kg1 Be7 29. Nd3 Rb1 30. Nf2 c5 31. g4 cxd4 32. exd4 Bd7 33. Kg2
Rb4 34. Bd3+ g6 35. Rb8 Bh4 36. Kf3 Rb3 37. h3 Kg7 38. g5 hxg5 39. fxg5 Kf7 40.
Rd8 Ke7 0-1

[Event "Michigan Open Reserve"]
[Site "Lansing, MI"]
[Date "2001.08.31"]
[Round "1.6"]
[White "Sundeen, David"]
[Black "Kahn, Aaron"]
[Result "1-0"]
[WhiteElo "1612"]
[BlackElo "1474"]
[Annotator "Jeff Aldrich"]
[PlyCount "59"]
[EventDate "2001.08.31"]

{Sicilian: Closed Black castles queen-side in a Sicilian ....hmmm?} 1. e4 c5 2.
Nc3 g6 3. g3 Bg7 4. Bg2 Nc6 5. d3 Nf6 6. Be3 d6 7. h3 e5 {Not a bad move, but
it does not fit with black's eventual plan. The idea behind this move would be
to support Nd4, but black never gets around to playing it.} 8. Qd2 Qb6 9. Nd1
Bd7 10. Ne2 O-O-O $2 {Castling into his own weakness. In my database, I found
3 out of 480 similar games where black castled long and black lost all 3
miserably. This is just not where his king wants to be.} 11. O-O Ne8 12. c3 h6
13. f4 f5 14. Kh2 a5 $2 {Creating another target. This just adds to his king's
already weak position.} 15. Nf2 h5 16. Rfc1 Nc7 17. Rab1 Nd4 18. fxe5 ({NOTE:
Move all of this to before move 17...Nd4 With the idea of} 18. cxd4 exd4 {and
the bishop is trapped.}) ({but} 18. b4 Nxe2 19. bxc5 Qc6 20. Qxe2 {and white
has a strong attack coming.}) 18... Nxe2 19. Qxe2 dxe5 {DIAGRAM!} 20. b4 $1 f4
21. bxa5 $6 Qxa5 $6 ({Both players miss black's chance for counter-play with} 
21... fxg3+) 22. gxf4 exf4 23. Bxf4 Bxc3 24. e5 b6 $2 ({Using the bishop to
screen the rook with} 24... Bb4 {is the better idea, but either way, black is
in serious trouble.}) 25. Ne4 Ne6 26. Nd6+ ({Seems natural, but stronger is} 
26. Rxc3 Nxf4 27. Qf3 {and the threat of the knight or mate.}) 26... Kc7 27.
Bg3 h4 28. Bf2 Nf4 $2 29. Qe4 {Same idea, a few moves later.} Nxg2 30. Qb7# 1-0

[Event "Michigan Open Booster"]
[Site "Lansing, MI"]
[Date "2001.08.31"]
[Round "1.3"]
[White "Schoenfeldt, Ben"]
[Black "Clark, Richard"]
[Result "0-1"]
[WhiteElo "1058"]
[BlackElo "1238"]
[PlyCount "44"]
[EventDate "2001.08.31"]

1. d4 d5 2. e4 dxe4 3. f3 Nf6 4. Nc3 exf3 5. Nxf3 Nbd7 6. Bc4 e6 7. O-O Be7 8.
Bf4 O-O 9. Qe2 c6 10. Rad1 Nb6 11. Be5 Nxc4 12. Qxc4 b5 13. Qd3 h6 14. Bxf6
Bxf6 15. d5 Qb6+ 16. Kh1 cxd5 17. Nxd5 exd5 18. Qxd5 Be6 19. Qd3 Bc4 20. Qd2
Bxf1 21. Rxf1 Rad8 22. Qe2 Rfe8 0-1

[Event "Michigan Open"]
[Site "Lansing, MI"]
[Date "2001.08.31"]
[Round "1.8"]
[White "Sanetullaev, Alisher"]
[Black "Palmer, Tony"]
[Result "1-0"]
[WhiteElo "1837"]
[BlackElo "2051"]
[PlyCount "135"]
[EventDate "2001.08.31"]

1. e4 e5 2. Nf3 Nc6 3. Bb5 a6 4. Ba4 Nf6 5. O-O Nxe4 6. d4 b5 7. Bb3 d5 8. dxe5
Be6 9. Qe2 Bc5 10. Nbd2 Nxd2 11. Bxd2 O-O 12. c3 Bg4 13. Rfe1 Re8 14. Bf4 Ne7
15. h3 Bh5 16. Qd3 c6 17. Nd4 Bg6 18. Qd2 Qb6 19. Bg5 h6 20. Be3 Nf5 21. Nxf5
Bxf5 22. Bd4 Re6 23. Qf4 Bh7 24. Qe3 Bxd4 25. cxd4 a5 26. Rac1 a4 27. Bc2 Bxc2
28. Rxc2 b4 29. Rc5 f6 30. f4 fxe5 31. fxe5 Rf8 32. Rec1 Rf5 33. Rf1 Rxf1+ 34.
Kxf1 Kf7 35. Ke2 Ke7 36. Qg3 Kf7 37. Qf4+ Ke7 38. Rc1 Qa6+ 39. Ke3 Qc8 40. Qf5
a3 41. bxa3 Qa8 42. Qd3 bxa3 43. Rc3 Qa5 44. Kf2 Qb4 45. Rb3 Qc4 46. Qxc4 dxc4
47. Rxa3 c5 48. Ke3 cxd4+ 49. Kxd4 Rc6 50. Kd5 Rc7 51. Rc3 Ra7 52. a3 Ra5+ 53.
Kd4 Ke6 54. Re3 c3 55. Rxc3 Rd5+ 56. Kc4 Rxe5 57. a4 Re2 58. g4 Kd6 59. Kb4 Ra2
60. a5 g6 61. Rf3 Rb2+ 62. Rb3 Ra2 63. Kb5 Kc7 64. Ka6 h5 65. Rb7+ Kc8 66. Rg7
hxg4 67. hxg4 Ra4 68. g5 1-0

[Event "Michigan Open Reserve"]
[Site "Lansing, MI"]
[Date "2001.08.31"]
[Round "1.5"]
[White "Mose, Greg"]
[Black "Christiansen, Jeremy"]
[Result "0-1"]
[WhiteElo "1500"]
[BlackElo "1613"]
[PlyCount "99"]
[EventDate "2001.08.31"]

1. e4 c5 2. Nf3 e6 3. d4 cxd4 4. Nxd4 a6 5. Nc3 Qc7 6. Bd3 Nc6 7. Nb3 b6 8. Bd2
Nf6 9. f4 d6 10. Qf3 Bb7 11. a3 Be7 12. O-O-O O-O-O 13. Qe2 b5 14. g4 Nd7 15.
g5 Nc5 16. Nxc5 dxc5 17. Qf2 b4 18. axb4 cxb4 19. Na4 Rxd3 20. Nb6+ Kb8 21.
cxd3 Nd4+ 22. Nc4 Rd8 23. Kb1 Bxe4 24. dxe4 Qxc4 25. Be3 Nb5 26. Rxd8+ Bxd8 27.
Qc2 Nd6 28. e5 Qxc2+ 29. Kxc2 Nc4 30. Bd4 Bb6 31. Bxb6 Nxb6 32. Kd3 Nd5 33. Ke4
Kc7 34. Rc1+ Kb7 35. f5 a5 36. fxe6 fxe6 37. Kd4 Kb6 38. b3 Nc3 39. Rf1 a4 40.
bxa4 Nxa4 41. Kc4 Nc5 42. Kxb4 Nd3+ 43. Kc4 Nxe5+ 44. Kd4 Nc6+ 45. Ke4 Kc5 46.
Rf7 h6 47. Rxg7 hxg5 48. Rxg5+ Kd6 49. h4 Ne7 50. h5 {Black won on time.} 0-1

[Event "Michigan Open"]
[Site "Lansing, MI"]
[Date "2001.08.31"]
[Round "1.6"]
[White "Morris, Jewell"]
[Black "Mankiewicz, Ryan"]
[Result "0-1"]
[WhiteElo "1853"]
[BlackElo "2095"]
[PlyCount "86"]
[EventDate "2001.08.31"]

1. d4 d5 2. c4 Nc6 3. Nc3 Nf6 4. cxd5 Nxd5 5. e4 Nxc3 6. bxc3 g6 7. Bc4 Bg7 8.
Ne2 O-O 9. a4 Na5 10. Ba2 b6 11. O-O Ba6 12. Be3 c5 13. Re1 cxd4 14. cxd4 Rc8
15. e5 e6 16. Rc1 Qd7 17. Nc3 Bc4 18. Bxc4 Rxc4 19. Nb5 a6 20. Rxc4 Nxc4 21.
Nc3 Rc8 22. Qb3 Qc6 23. Bc1 Na5 24. Nd5 Nxb3 25. Ne7+ Kf8 26. Nxc6 Rxc6 27. Be3
Ke7 28. Rb1 Na5 29. f4 Nc4 30. Bc1 Kd7 31. Kf1 Bf8 32. Ke2 Ba3 33. Bd2 Nxd2 34.
Kxd2 Kc7 35. Kd3 Rc1 36. Rb3 Ra1 37. Rc3+ Kb7 38. Rc4 Ra2 39. Ke4 Rxg2 40. d5
exd5+ 41. Kxd5 Rd2+ 42. Rd4 Rxd4+ 43. Kxd4 Kc6 0-1

[Event "Michigan Open Reserve"]
[Site "Lansing, MI"]
[Date "2001.08.31"]
[Round "1.10"]
[White "Moroney, Timothy"]
[Black "Kieliszewski, Greg"]
[Result "1-0"]
[WhiteElo "1581"]
[BlackElo "1394"]
[PlyCount "113"]
[EventDate "2001.08.31"]

1. e4 e6 2. d4 d5 3. Nd2 Nf6 4. e5 Nfd7 5. Bd3 c5 6. c3 Nc6 7. Ne2 Qb6 8. Nf3
cxd4 9. cxd4 f6 10. exf6 Nxf6 11. O-O Bd6 12. Nc3 O-O 13. Be3 Bd7 14. a3 Kh8
15. h3 Be8 16. Qb1 Bd7 17. Qc2 Rac8 18. Rac1 Na5 19. Nd2 Nc6 20. Qb3 Bc7 21.
Qxb6 Bxb6 22. Nb3 e5 23. Ne2 exd4 24. Nbxd4 Nxd4 25. Nxd4 Kg8 26. Nf5 Bxe3 27.
fxe3 Rce8 28. Rfe1 Ne4 29. Bxe4 dxe4 30. Nd6 Re7 31. Rc7 Rb8 32. Rd1 Kf8 33.
Rf1+ Kg8 34. Nxe4 Rxe4 35. Rxd7 Rxe3 36. Rff7 Rb3 37. Rxg7+ Kh8 38. Rxh7+ Kg8
39. h4 Rxb2 40. h5 Rb6 41. h6 Rg6 42. Kh2 a5 43. Rxb7 Rxh6+ 44. Kg1 Rxb7 45.
Rxb7 Rh5 46. Ra7 Kf8 47. g3 Kg8 48. Kg2 Rb5 49. Kh3 Rc5 50. Kh4 Rc4+ 51. g4 Ra4
52. Kg5 Rxa3 53. Kg6 Rf3 54. Rxa5 Rf1 55. Ra8+ Rf8 56. Rxf8+ Kxf8 57. Kh7 1-0

[Event "Michigan Open Booster"]
[Site "Lansing, MI"]
[Date "2001.08.31"]
[Round "1.2"]
[White "Mitchell, Dave"]
[Black "Fick II, Douglas"]
[Result "1-0"]
[WhiteElo "1295"]
[BlackElo "1065"]
[PlyCount "73"]
[EventDate "2001.08.31"]

1. d4 Nf6 2. Nf3 g6 3. Bg5 Bg7 4. e3 O-O 5. Nbd2 d6 6. Be2 Nbd7 7. O-O e5 8.
Re1 Qe8 9. dxe5 dxe5 10. c3 e4 11. Nd4 Ne5 12. Bxf6 Bxf6 13. Nxe4 Bg7 14. h3
Bd7 15. Nc5 Rd8 16. Nxb7 Rb8 17. Ba6 Bc6 18. Na5 Rxb2 19. Naxc6 Nxc6 20. Bb5
Bxd4 21. Bxc6 Qxc6 22. cxd4 Rfb8 23. Re2 f5 24. a4 Qe4 25. Rxb2 Rxb2 26. Qc1
Qc2 27. Qxc2 Rxc2 28. g4 fxg4 29. hxg4 g5 30. e4 Kf7 31. Rb1 Rc4 32. Rb7 a6 33.
f3 Rxa4 34. Rxc7+ Kg8 35. d5 Ra3 36. Kg2 Rb3 37. d6 1-0

[Event "Michigan Open Reserve"]
[Site "Lansing, MI"]
[Date "2001.08.31"]
[Round "1.13"]
[White "Katsuhara, Osamu"]
[Black "Raban, David"]
[Result "1-0"]
[WhiteElo "1308"]
[BlackElo "1538"]
[PlyCount "122"]
[EventDate "2001.08.31"]

1. e4 e6 2. d4 d5 3. Nd2 c5 4. c3 Nc6 5. Ngf3 cxd4 6. cxd4 Qb6 7. exd5 exd5 8.
Nb3 Nf6 9. Bd3 Bg4 10. Be2 Bd6 11. O-O O-O 12. h3 Bf5 13. Bd3 Bxd3 14. Qxd3
Rac8 15. Nbd2 Nb4 16. Qf5 Nc2 17. Rb1 Nxd4 18. Nxd4 Qxd4 19. Nf3 Qe4 20. Qxe4
Nxe4 21. Rd1 Rfd8 22. Be3 Rc2 23. Bxa7 Ra8 24. Be3 Rxa2 25. Rxd5 Raxb2 26. Rbd1
Bf8 27. Re5 Nf6 28. Rd8 h6 29. Bc5 Nh7 30. Bxf8 Nxf8 31. Ree8 Rxf2 32. Rxf8+
Kh7 33. Ne1 Rfe2 34. Rfe8 b5 35. Rxe2 Rxe2 36. Kf1 Rb2 37. Rb8 Kg6 38. Kg1 f5
39. Nd3 Rb3 40. Nf4+ Kf6 41. Rb6+ Kf7 42. Kf2 g5 43. Ne2 h5 44. Nd4 Rb2+ 45.
Kg1 f4 46. Rxb5 Rxb5 47. Nxb5 g4 48. h4 Kf6 49. Kf2 Ke5 50. Nc3 Kd4 51. Ne2+
Ke5 52. Nc3 Kf5 53. Nb5 Ke5 54. Na3 Ke4 55. Nc2 Kf5 56. Ne1 Ke5 57. Ke2 Kf5 58.
Kd3 Ke5 59. Ke2 Kf5 60. Nd3 Ke4 61. Nc5+ Kf5 1-0

[Event "Michigan Open Reserve"]
[Site "Lansing, MI"]
[Date "2001.08.31"]
[Round "1.12"]
[White "Homa, Seth"]
[Black "Choate, Eric"]
[Result "0-1"]
[WhiteElo "1551"]
[BlackElo "1370"]
[PlyCount "74"]
[EventDate "2001.08.31"]

1. e4 e5 2. Nf3 d6 3. d4 exd4 4. Nxd4 Nf6 5. Nc3 Be7 6. Bc4 Bd7 7. O-O Nc6 8.
f4 O-O 9. Kh1 Nxd4 10. Qxd4 Be6 11. f5 Bxc4 12. Qxc4 Ng4 13. Qe2 Ne5 14. Nd5 c6
15. Nxe7+ Qxe7 16. f6 gxf6 17. Bh6 Rfe8 18. Rf5 Ng6 19. Qf2 Qxe4 20. Rxf6 Re7
21. Rf1 Qd5 22. Rxg6+ hxg6 23. c4 Qe5 24. Qh4 Rae8 25. Bg5 Re6 26. h3 f5 27. c5
Qxb2 28. cxd6 Rxd6 29. Qc4+ Rd5 30. Rd1 Re4 31. Rxd5 Rxc4 32. Rd8+ Kf7 33. Rd7+
Ke6 34. Re7+ Kd6 35. Re8 Re4 36. Rd8+ Kc7 37. Rg8 Re1+ 0-1

[Event "Michigan Open Reserve"]
[Site "Lansing, MI"]
[Date "2001.08.31"]
[Round "1.7"]
[White "Hershberger, Kent"]
[Black "McCarter, Robert"]
[Result "0-1"]
[WhiteElo "1463"]
[BlackElo "1600"]
[PlyCount "86"]
[EventDate "2001.08.31"]

1. e4 c5 2. Nf3 Nc6 3. d4 cxd4 4. Nxd4 g6 5. Nxc6 bxc6 6. Qd4 Nf6 7. e5 Nd5 8.
e6 Nf6 9. exf7+ Kxf7 10. Qc4+ e6 11. Bg5 Qa5+ 12. Bd2 Qe5+ 13. Qe2 Qxb2 14. Bc3
Qc1+ 15. Qd1 Qxd1+ 16. Kxd1 Bg7 17. Bd3 Re8 18. Nd2 Ng4 19. Bxg7 Nxf2+ 20. Ke2
Nxd3 21. Bh6 Nb4 22. Rhf1+ Kg8 23. Ne4 Ba6+ 24. Kd2 Bxf1 25. Nf6+ Kh8 26. Nxe8
Bxg2 27. Nf6 c5 28. Rg1 Bc6 29. h4 Nd5 30. Ng4 Ne7 31. Rf1 Nf5 32. Bf4 Rf8 33.
Be5+ Kg8 34. Nf6+ Kf7 35. Nxh7 Rc8 36. Bd6 Kg7 37. Bxc5 Kxh7 38. Rf4 a5 39. Kd3
Bb5+ 40. c4 Rxc5 41. cxb5 Rxb5 42. a4 Rb3+ 43. Kc4 Rb4+ 0-1

[Event "Michigan Open"]
[Site "Lansing, MI"]
[Date "2001.08.31"]
[Round "1.4"]
[White "Hamood, Al"]
[Black "Hahn, David"]
[Result "1/2-1/2"]
[WhiteElo "1872"]
[BlackElo "2162"]
[PlyCount "71"]
[EventDate "2001.08.31"]

1. e4 d6 2. d4 Nf6 3. Nc3 g6 4. Nf3 Bg7 5. Be2 O-O 6. O-O c5 7. a4 cxd4 8. Nxd4
Nc6 9. Be3 Bd7 10. Qd2 Rc8 11. Rfd1 a6 12. f3 Qc7 13. Nxc6 Qxc6 14. a5 Be6 15.
Ra4 Nd7 16. Bd4 Bxd4+ 17. Qxd4 Qc5 18. Rb4 Rc7 19. Qxc5 Nxc5 20. Bc4 Nxe4 21.
Bxe6 Nxc3 22. Bxf7+ Kxf7 23. bxc3 Rxc3 24. Rxb7 Rc5 25. Rxd6 Rxa5 26. Rc6 Rd8
27. Kf2 Re5 28. g4 Rd2+ 29. Kg3 g5 30. h4 gxh4+ 31. Kxh4 a5 32. Ra7 Rf2 33. Kg3
Ree2 34. Rxa5 Rxc2 35. Rf5+ Kg7 36. Rxc2 1/2-1/2

[Event "Michigan Open Reserve"]
[Site "Lansing, MI"]
[Date "2001.08.31"]
[Round "1.3"]
[White "Grzegorczyk, Ron"]
[Black "LeMaster, Terry"]
[Result "0-1"]
[WhiteElo "1511"]
[BlackElo "1738"]
[PlyCount "68"]
[EventDate "2001.08.31"]

1. e4 c5 2. Nf3 d6 3. Be2 Nc6 4. d3 g6 5. O-O Bg7 6. c3 Nf6 7. Be3 O-O 8. Qc1
Re8 9. Bh6 Bh8 10. h3 c4 11. Nbd2 cxd3 12. Bxd3 Bd7 13. Bc4 e6 14. Re1 Rc8 15.
Bb3 a6 16. Nc4 Qc7 17. Qd1 d5 18. exd5 Nxd5 19. Ng5 Nce7 20. Ne4 Nf5 21. Be3 b5
22. Ncd2 Ndxe3 23. fxe3 Bc6 24. Bc2 Red8 25. Qg4 b4 26. Nb3 Bxe4 27. Bxe4 bxc3
28. Rac1 Qb6 29. Bxf5 exf5 30. Qe2 cxb2 31. Rxc8 Rxc8 32. Rb1 a5 33. Kh2 Rc1
34. Nxc1 Qc7+ 0-1

[Event "Michigan Open Booster"]
[Site "Lansing, MI"]
[Date "2001.08.31"]
[Round "2.6"]
[White "Gregg, Ted"]
[Black "Stapel, Scott"]
[Result "1-0"]
[WhiteElo "1182"]
[BlackElo "659"]
[PlyCount "93"]
[EventDate "2001.08.31"]

1. f4 d5 2. Nf3 Nf6 3. e3 c6 4. Be2 Nbd7 5. O-O e6 6. b3 Bd6 7. Bb2 O-O 8. Ne5
Ne4 9. Bh5 g6 10. Qg4 Ndf6 11. Qh3 Nxh5 12. d3 Nc5 13. Nd2 Nd7 14. Ndf3 h6 15.
g4 Ndf6 16. gxh5 Nxh5 17. Kh1 Kh7 18. Rg1 Rg8 19. Nxf7 e5 20. Qg2 Qe7 21. N7xe5
Bf5 22. Nh4 Qxh4 23. Raf1 Bc5 24. Rf3 Rae8 25. Ng4 d4 26. e4 Be6 27. Bc1 Bd6
28. e5 Bd5 29. exd6 Bxf3 30. Qxf3 Rgf8 31. Qf2 Ng3+ 32. Qxg3 Qd8 33. Ne5 Rg8
34. d7 Ref8 35. Qh3 Qa5 36. Qe6 Qd8 37. Rxg6 Qh4 38. Rxg8 Rxg8 39. Qf7+ Rg7 40.
Qf5+ Kg8 41. Bd2 Qd8 42. Qe6+ Kh7 43. f5 Re7 44. Qxh6+ Kg8 45. Qg6+ Rg7 46.
Qe8+ Qxe8 47. dxe8=Q+ 1-0